Castles In jura krakowsko czenstochowska - Statistics

General Stats
  • This quiz has been taken 8 times
  • The average score is 7 of 16
Answer Stats
Picture Answer % Correct
Ogrodzieniec
100%
Pieskowa skala
100%
Olsztyn
83%
Bobolice
67%
Mirow
50%
ojcow
50%
bydlin
33%
korzkiew
33%
Siewierz
33%
Smolen
33%
bendzin
17%
Morsko
17%
olkusz
17%
ostrerznik
17%
Rabsztyn
17%
tenczyn
17%
No matching quizzes found
Score Distribution
Percent of People with Each Score
Percentile by Number Answered
Your Score History
You have not taken this quiz